MLB Team Hit Leaders by Decade - Statistics

General Stats
  • This quiz has been taken 66 times
  • The average score is 92 of 168
Answer Stats
Team # Hits Player % Correct
NYY 2020s 749+ Aaron Judge
95%
CHC 2000s 961 Aramis Ramirez
95%
CLE 2020s 750+ Jose Ramirez
95%
BOS 2000s 1,232 Manny Ramirez
95%
HOU 2020s 745+ Jose Altuve
92%
HOU 2010s 1,568 Jose Altuve
92%
LAD 2020s 726+ Mookie Betts
92%
TOR 2020s 866+ Vladimir Guerrero Jr.
92%
COL 2010s 1,251 Carlos Gonzalez
90%
NYY 2000s 1,940 Derek Jeter
90%
TEX 1990s 1,412 Juan Gonzalez
90%
ARI 2000s 1,131 Luis Gonzalez
90%
DET 2010s 1,595 Miguel Cabrera
90%
ATH 1990s 828 Rickey Henderson
90%
SFG 2000s 925 Barry Bonds
87%
SFG 1990s 1,026 Barry Bonds
87%
SFG 1970s 867 Bobby Bonds
87%
MIN 2010s 1,279 Joe Mauer
87%
SEA 1990s 1,622 Ken Griffey Jr.
87%
BAL 2010s 1,521 Adam Jones
85%
ATL 2000s 1,535 Chipper Jones
85%
HOU 1990s 1,728 Craig Biggio
85%
NYY 1980s 1,300 Don Mattingly
85%
SEA 2000s 2,030 Ichiro Suzuki
85%
CIN 2010s 1,532 Joey Votto
85%
TOR 2010s 1,012 Jose Bautista
85%
STL 2000s 1,717 Albert Pujols
82%
NYY 1990s 1,298 Bernie Williams
82%
TOR 1990s 1,051 Joe Carter
82%
LAA 2010s 1,324 Mike Trout
82%
MIL 1980s 1,731 Robin Yount
82%
DET 1970s 1,040 Aurelio Rodriguez
79%
CHW 1990s 1,564 Frank Thomas
79%
BAL 1990s 1,589 Cal Ripken Jr.
77%
MIL 2020s 603+ Christian Yelich
77%
MIA 2010s 960 Giancarlo Stanton
77%
STL 2020s 719 Paul Goldschmidt
77%
ARI 2010s 1,182 Paul Goldschmidt
77%
CIN 1970s 1,837 Pete Rose
77%
SEA 1980s 921 Alvin Davis
74%
SFG 2010s 1,378 Buster Posey
74%
BOS 1970s 1,492 Carl Yastrzemski
74%
SFG 1980s 840 Chili Davis
74%
PIT 2000s 1,158 Jack Wilson
74%
MIN 1980s 1,243 Kirby Puckett
74%
SD 2020s 795+ Manny Machado
74%
NYM 1980s 1,112 Mookie Wilson
74%
SD 1990s 1,713 Tony Gwynn
74%
SD 1980s 1,354 Tony Gwynn
74%
BOS 1980s 1,597 Wade Boggs
74%
KC 1980s 1,639 Willie Wilson
74%
TEX 2020s 623+ Adolis Garcia
72%
SD 1970s 980 Dave Winfield
72%
LAA 2000s 1,510 Garret Anderson
72%
HOU 1980s 1,211 Jose Cruz
72%
WAS 2020s 527+ Luis Garcia
72%
PHI 1980s 1,287 Mike Schmidt
72%
NYM 2020s 720+ Pete Alonso
72%
WAS 2010s 1,112 Ryan Zimmerman
72%
CHC 1980s 1,394 Ryne Sandberg
72%
KC 2020s 701+ Salvador Perez
72%
BOS 2010s 1,225 Dustin Pedroia
69%
TB 2010s 1,185 Evan Longoria
69%
HOU 2000s 1,553 Lance Berkman
69%
MIN 1970s 1,657 Rod Carew
69%
MIL 2010s 1,410 Ryan Braun
69%
COL 2000s 1,756 Todd Helton
69%
PIT 2010s 1,339 Andrew McCutchen
67%
CLE 1970s 1,016 Buddy Bell
67%
PHI 2010s 807 Cesar Hernandez
67%
ATL 1980s 1,553 Dale Murphy
67%
BAL 1980s 1,495 Eddie Murray
67%
PIT 1990s 1,054 Jay Bell
67%
PHI 2000s 1,629 Jimmy Rollins
67%
TB 2000s 1,296 Carl Crawford
64%
NYM 2010s 794 David Wright
64%
NYM 2000s 983 David Wright
64%
SEA 2020s 651 J.P. Crawford
64%
SEA 2010s 1,218 Kyle Seager
64%
CHC 2010s 1,186 Anthony Rizzo
62%
COL 1990s 1,278 Dante Bichette
62%
ATL 2010s 1,451 Freddie Freeman
62%
TEX 2000s 1,662 Michael Young
62%
BOS 2020s 764 Rafael Devers
62%
STL 2010s 1,367 Yadier Molina
62%
PIT 1980s 1,009 Johnny Ray
59%
CLE 2000s 900 Victor Martinez
59%
DET 1980s 1,504 Alan Trammell
56%
CHW 2010s 1,038 Jose Abreu
56%
CHW 2000s 1,491 Paul Konerko
56%
LAD 1970s 1,469 Steve Garvey
56%
WAS 1980s 1,467 Tim Raines
56%
CIN 1990s 1,447 Barry Larkin
54%
CHW 1980s 1,498 Harold Baines
54%
ARI 2020s 648+ Ketel Marte
54%
LAD 2000s 842 Shawn Green
54%
LAD 2010s 827 Matt Kemp
51%
CLE 1990s 1,177 Kenny Lofton
49%
CHC 1990s 1,754 Mark Grace
49%
BOS 1990s 1,165 Mo Vaughn
49%
STL 1970s 1,617 Lou Brock
46%
CHW 2020s 558+ Luis Robert Jr.
46%
MIN 2000s 1,116 Torii Hunter
46%
ATL 2020s 775+ Austin Riley
44%
NYY 2010s 1,259 Brett Gardner
44%
LAD 1980s 1,218 Steve Sax
44%
KC 2010s 1,309 Alex Gordon
41%
ATH 2000s 1,148 Eric Chavez
41%
CHC 2020s 667+ Ian Happ
41%
CLE 1980s 1,051 Julio Franco
41%
NYY 1970s 1,536 Thurman Munson
41%
LAA 1990s 1,015 Tim Salmon
41%
STL 1980s 1,194 Willie McGee
41%
PIT 2020s 744+ Bryan Reynolds
38%
HOU 1970s 1,422 Cesar Cedeno
38%
MIA 1990s 737 Jeff Conine
38%
ATH 2010s 711 Marcus Semien
38%
DET 2020s 433+ Riley Greene
38%
LAD 1990s 1,217 Eric Karros
36%
KC 1990s 680 Johnny Damon
36%
SFG 2020s 507+ Mike Yastrzemski
36%
KC 1970s 1,549 Amos Otis
33%
CIN 2020s 482 Jonathan India
33%
TB 2020s 718+ Yandy Diaz
33%
PHI 2020s 711+ Alec Bohm
31%
ATH 1970s 1,036 Bert Campaneris
31%
ATH 1980s 1,050 Carney Lansford
31%
BAL 2020s 620+ Cedric Mullins
31%
TOR 1980s 1,319 Lloyd Moseby
31%
MIA 2000s 989 Luis Castillo
31%
WAS 1990s 728 Marquis Grissom
31%
STL 1990s 1,267 Ray Lankford
31%
LAA 1980s 1,227 Brian Downing
28%
TEX 2010s 1,595 Elvis Andrus
28%
WAS 1970s 696 Larry Parrish
28%
BAL 1970s 934 Mark Belanger
28%
BAL 2000s 1,323 Melvin Mora
28%
DET 1990s 1,176 Travis Fryman
28%
TOR 2000s 1,345 Vernon Wells
28%
ATL 1990s 881 Jeff Blauser
26%
KC 2000s 1,035 Mike Sweeney
26%
LAA 2020s 521+ Taylor Ward
26%
ATH 2020s 368+ Brent Rooker
23%
SD 2000s 872 Brian Giles
23%
MIN 1990s 1,197 Chuck Knoblauch
23%
MIL 1970s 959 Don Money
23%
NYM 1990s 698 Edgardo Alfonzo
23%
COL 2020s 634+ Ryan McMahon
23%
CIN 2000s 944 Sean Casey
23%
PIT 1970s 1,357 Al Oliver
21%
MIL 2000s 1,021 Geoff Jenkins
21%
PHI 1970s 1,552 Larry Bowa
21%
CLE 2010s 1,160 Michael Brantley
21%
TEX 1970s 1,004 Toby Harrah
21%
WAS 2000s 1,043 Jose Vidro
18%
CIN 1980s 1,069 Ron Oester
18%
DET 2000s 901 Brandon Inge
15%
MIN 2020s 438+ Carlos Correa
15%
SD 2010s 644 Chase Headley
15%
NYM 1970s 743 Felix Milan
15%
ATL 1970s 1,014 Ralph Garr
15%
MIA 2020s 396+ Jesus Sanchez
13%
MIL 1990s 864 Jeff Cirillo
10%
PHI 1990s 835 Mickey Morandini
10%
TEX 1980s 914 Pete O'Brien
8%
CHC 1970s 937 Don Kessinger
3%
LAA 1970s 631 Dave Chalk
0%
CHW 1970s 1,002 Jorge Orta
0%
No matching quizzes found
Score Distribution
Percent of People with Each Score
Percentile by Number Answered
Your Score History
You have not taken this quiz